000 00338nam a2200145Ia 4500
008 230718s9999 xx 000 0 und d
041 _aEng.
082 _a349.75
_bUNI-O
100 _aUniversity of Oregon
245 0 _aOregon Law review
260 _aPakistan
_bAsia Law House
_c2011
300 _a1112
650 _aLaw
999 _c29964
_d29964